000 00554nam a2200169Ia 4500
008 090201s9999 xx 000 0 und d
010 _aKPL-59577
040 _bमराठी
041 _aमराठी
082 _a38353
_b59577
100 _aज्ञानेश्वर नाडकर्णि
245 _aअभिनय
_cज्ञानेश्वर नाडकर्णि
260 _c2004
_bश्रीविद्या प्रकाशन
300 _a320
_bमोठा
600 _aअभिनय
942 _cBOOK
999 _c235906
_d235906